[Event "World Cup 2023 Open"]
[Site "Baku, Azerbaijan"]
[Date "????.??.??"]
[Round "7.9"]
[White "Smirin Ilia (ISR)"]
[Black "Avila Pavas Santiago (COL)"]
[Result "1-0"]
[WhiteFideId "2801990"]
[BlackFideId "4437128"]
[WhiteElo "2595"]
[BlackElo "2499"]

1. c4 {[%clk 00:05:04]} Nf6 {[%clk 00:05:05]} {[%emt 00:00:02]} 2. Nc3 {[%clk
00:05:05]} {[%emt 00:00:02]} e6 {[%clk 00:05:07]} {[%emt 00:00:01]} 3. d4
{[%clk 00:05:06]} {[%emt 00:00:02]} Bb4 {[%clk 00:05:09]} {[%emt 00:00:01]} 4.
e3 {[%clk 00:05:06]} {[%emt 00:00:03]} O-O {[%clk 00:05:02]} {[%emt 00:00:11]}
5. Nge2 {[%clk 00:05:05]} {[%emt 00:00:04]} d5 {[%clk 00:04:47]} {[%emt
00:00:18]} 6. a3 {[%clk 00:05:02]} {[%emt 00:00:06]} Be7 {[%clk 00:04:45]}
{[%emt 00:00:04]} 7. cxd5 {[%clk 00:04:51]} {[%emt 00:00:13]} exd5 {[%clk
00:04:46]} {[%emt 00:00:03]} 8. Nf4 {[%clk 00:04:51]} {[%emt 00:00:03]} c6
{[%clk 00:04:32]} {[%emt 00:00:18]} 9. Bd3 {[%clk 00:04:47]} {[%emt 00:00:06]}
Bg4 {[%clk 00:04:24]} {[%emt 00:00:11]} 10. f3 {[%clk 00:04:44]} {[%emt
00:00:06]} Bc8 {[%clk 00:04:07]} {[%emt 00:00:21]} 11. g4 {[%clk 00:04:26]}
{[%emt 00:00:20]} Bd6 {[%clk 00:03:51]} {[%emt 00:00:19]} 12. g5 {[%clk
00:04:14]} {[%emt 00:00:16]} Bxf4 {[%clk 00:03:46]} {[%emt 00:00:08]} 13. exf4
{[%clk 00:03:53]} {[%emt 00:00:24]} Nh5 {[%clk 00:03:45]} {[%emt 00:00:04]} 14.
Ne2 {[%clk 00:03:35]} {[%emt 00:00:20]} Qd7 {[%clk 00:03:03]} {[%emt 00:00:46]}
15. Qc2 {[%clk 00:03:19]} {[%emt 00:00:18]} g6 {[%clk 00:02:51]} {[%emt
00:00:16]} 16. Bd2 {[%clk 00:03:17]} {[%emt 00:00:05]} Qh3 {[%clk 00:02:25]}
{[%emt 00:00:28]} 17. O-O-O {[%clk 00:03:15]} {[%emt 00:00:05]} Na6 {[%clk
00:01:37]} {[%emt 00:00:52]} 18. Ng3 {[%clk 00:03:04]} {[%emt 00:00:14]} Qh4
{[%clk 00:01:30]} {[%emt 00:00:10]} 19. Nxh5 {[%clk 00:02:32]} {[%emt
00:00:34]} Qxh5 {[%clk 00:01:31]} {[%emt 00:00:02]} 20. h4 {[%clk 00:02:33]}
{[%emt 00:00:01]} Qxf3 {[%clk 00:01:02]} {[%emt 00:00:32]} 21. h5 {[%clk
00:02:34]} {[%emt 00:00:02]} Bf5 {[%clk 00:01:04]} {[%emt 00:00:02]} 22. Bxf5
{[%clk 00:02:21]} {[%emt 00:00:16]} gxf5 {[%clk 00:01:05]} {[%emt 00:00:01]} 23.
Qxf5 {[%clk 00:02:15]} {[%emt 00:00:09]} Qe4 {[%clk 00:00:55]} {[%emt
00:00:14]} 24. Qf6 {[%clk 00:02:09]} {[%emt 00:00:08]} Qe6 {[%clk 00:00:43]}
{[%emt 00:00:15]} 25. f5 {[%clk 00:02:07]} {[%emt 00:00:06]} Qxf6 {[%clk
00:00:29]} {[%emt 00:00:18]} 26. gxf6 {[%clk 00:02:08]} {[%emt 00:00:01]} h6
{[%clk 00:00:21]} {[%emt 00:00:11]} 27. Rdg1+ {[%clk 00:01:58]} {[%emt
00:00:13]} Kh8 {[%clk 00:00:21]} {[%emt 00:00:03]} 28. Bxh6 {[%clk 00:01:45]}
{[%emt 00:00:15]} Rg8 {[%clk 00:00:22]} {[%emt 00:00:02]} 29. Bg7+ {[%clk
00:01:44]} {[%emt 00:00:04]} Kh7 {[%clk 00:00:24]} {[%emt 00:00:02]} 30. Rg6
{[%clk 00:01:44]} {[%emt 00:00:02]} 1-0

[Event "World Cup 2023 Open"]
[Site "Baku, Azerbaijan"]
[Date "2023.08.01"]
[Round "3.9"]
[White "Smirin Ilia (ISR)"]
[Black "Avila Pavas Santiago (COL)"]
[Result "1/2-1/2"]
[WhiteFideId "2801990"]
[BlackFideId "4437128"]
[WhiteElo "2595"]
[BlackElo "2499"]

1. c4 {[%clk 00:25:16]} {[%emt 00:00:04]} e6 {[%clk 00:25:14]} {[%emt
00:00:07]} 2. Nc3 {[%clk 00:25:20]} {[%emt 00:00:05]} Nf6 {[%clk 00:25:23]}
{[%emt 00:00:02]} 3. e4 {[%clk 00:25:20]} {[%emt 00:00:10]} d5 {[%clk
00:25:32]} {[%emt 00:00:01]} 4. cxd5 {[%clk 00:25:22]} {[%emt 00:00:08]} exd5
{[%clk 00:25:40]} {[%emt 00:00:02]} 5. e5 {[%clk 00:25:29]} {[%emt 00:00:03]}
d4 {[%clk 00:25:49]} {[%emt 00:00:01]} 6. exf6 {[%clk 00:24:49]} {[%emt
00:00:49]} dxc3 {[%clk 00:25:57]} {[%emt 00:00:03]} 7. Bb5+ {[%clk 00:24:25]}
{[%emt 00:00:35]} Nc6 {[%clk 00:26:05]} {[%emt 00:00:02]} 8. Qe2+ {[%clk
00:23:48]} {[%emt 00:00:46]} Be6 {[%clk 00:26:13]} {[%emt 00:00:03]} 9. dxc3
{[%clk 00:23:50]} {[%emt 00:00:08]} Qxf6 {[%clk 00:26:12]} {[%emt 00:00:11]} 10.
Nf3 {[%clk 00:23:40]} {[%emt 00:00:19]} Bd6 {[%clk 00:25:42]} {[%emt 00:00:40]}
11. Bg5 {[%clk 00:22:37]} {[%emt 00:01:13]} Qg6 {[%clk 00:25:51]} {[%emt
00:00:02]} 12. h4 {[%clk 00:22:43]} {[%emt 00:00:03]} O-O {[%clk 00:23:09]}
{[%emt 00:02:52]} 13. h5 {[%clk 00:21:41]} {[%emt 00:01:11]} Qf5 {[%clk
00:23:18]} {[%emt 00:00:02]} 14. Bd3 {[%clk 00:20:47]} {[%emt 00:01:03]} Qd5
{[%clk 00:19:28]} {[%emt 00:04:01]} 15. O-O-O {[%clk 00:20:12]} {[%emt
00:00:45]} Qxa2 {[%clk 00:19:21]} {[%emt 00:00:17]} 16. Bb1 {[%clk 00:19:33]}
{[%emt 00:00:49]} Qc4 {[%clk 00:19:11]} {[%emt 00:00:21]} 17. Qc2 {[%clk
00:18:42]} {[%emt 00:01:01]} f5 {[%clk 00:18:04]} {[%emt 00:01:17]} 18. Rhe1
{[%clk 00:17:18]} {[%emt 00:01:34]} Rae8 {[%clk 00:15:55]} {[%emt 00:02:20]} 19.
Nd4 {[%clk 00:15:05]} {[%emt 00:02:22]} Nxd4 {[%clk 00:15:33]} {[%emt
00:00:32]} 20. Rxd4 {[%clk 00:15:11]} {[%emt 00:00:04]} Qb3 {[%clk 00:15:41]}
{[%emt 00:00:01]} 21. g4 {[%clk 00:10:54]} {[%emt 00:04:26]} Bc5 {[%clk
00:10:26]} {[%emt 00:05:26]} 22. Rxe6 {[%clk 00:07:50]} {[%emt 00:03:14]} Qxe6
{[%clk 00:10:34]} {[%emt 00:00:02]} 23. b4 {[%clk 00:07:58]} {[%emt 00:00:02]}
Bxd4 {[%clk 00:04:50]} {[%emt 00:05:54]} 24. Ba2 {[%clk 00:08:05]} {[%emt
00:00:04]} Kh8 {[%clk 00:04:59]} {[%emt 00:00:01]} 25. Bxe6 {[%clk 00:07:54]}
{[%emt 00:00:21]} Rxe6 {[%clk 00:05:08]} {[%emt 00:00:01]} 26. gxf5 {[%clk
00:06:48]} {[%emt 00:01:16]} Rc6 {[%clk 00:05:08]} {[%emt 00:00:10]} 27. Bd2
{[%clk 00:06:44]} {[%emt 00:00:13]} h6 {[%clk 00:03:21]} {[%emt 00:01:58]} 28.
Kb2 {[%clk 00:05:52]} {[%emt 00:01:03]} Bf6 {[%clk 00:03:08]} {[%emt 00:00:23]}
29. Qe4 {[%clk 00:04:53]} {[%emt 00:01:08]} Rd8 {[%clk 00:03:07]} {[%emt
00:00:12]} 30. Kc2 {[%clk 00:04:07]} {[%emt 00:00:56]} a6 {[%clk 00:02:02]}
{[%emt 00:01:16]} 31. Be1 {[%clk 00:03:53]} {[%emt 00:00:23]} Rcd6 {[%clk
00:01:37]} {[%emt 00:00:36]} 32. f3 {[%clk 00:02:33]} {[%emt 00:01:30]} b5
{[%clk 00:00:46]} {[%emt 00:01:01]} 33. Bh4 {[%clk 00:01:27]} {[%emt 00:01:16]}
Bxh4 {[%clk 00:00:55]} {[%emt 00:00:02]} 34. Qxh4 {[%clk 00:01:35]} {[%emt
00:00:01]} Rf8 {[%clk 00:01:04]} {[%emt 00:00:01]} 35. Qe7 {[%clk 00:01:05]}
{[%emt 00:00:40]} Rxf5 {[%clk 00:01:09]} {[%emt 00:00:05]} 36. Qxc7 {[%clk
00:01:09]} {[%emt 00:00:05]} Rdf6 {[%clk 00:01:18]} {[%emt 00:00:01]} 37. Qe7
{[%clk 00:00:27]} {[%emt 00:00:52]} Rxf3 {[%clk 00:01:19]} {[%emt 00:00:09]} 38.
Qe8+ {[%clk 00:00:24]} {[%emt 00:00:12]} Rf8 {[%clk 00:01:16]} {[%emt
00:00:13]} 39. Qe6 {[%clk 00:00:31]} {[%emt 00:00:03]} R3f6 {[%clk 00:01:24]}
{[%emt 00:00:02]} 40. Qd7 {[%clk 00:00:31]} {[%emt 00:00:09]} Rf5 {[%clk
00:01:05]} {[%emt 00:00:31]} 41. Qd6 {[%clk 00:00:39]} {[%emt 00:00:01]} R8f6
{[%clk 00:01:12]} {[%emt 00:00:03]} 42. Qd8+ {[%clk 00:00:43]} {[%emt
00:00:06]} Kh7 {[%clk 00:01:07]} {[%emt 00:00:15]} 43. Qd3 {[%clk 00:00:51]}
{[%emt 00:00:03]} Rf8 {[%clk 00:01:14]} {[%emt 00:00:03]} 44. Kb3 {[%clk
00:00:55]} {[%emt 00:00:05]} Kg8 {[%clk 00:01:15]} {[%emt 00:00:09]} 45. Qe2
{[%clk 00:00:57]} {[%emt 00:00:08]} R5f6 {[%clk 00:01:10]} {[%emt 00:00:16]} 46.
Qe5 {[%clk 00:00:55]} {[%emt 00:00:11]} Rc8 {[%clk 00:01:18]} {[%emt 00:00:03]}
47. Qd5+ {[%clk 00:00:41]} {[%emt 00:00:23]} Kh8 {[%clk 00:01:27]} 48. Qb7
{[%clk 00:00:33]} {[%emt 00:00:19]} Rfc6 {[%clk 00:01:27]} {[%emt 00:00:10]} 49.
Kb2 {[%clk 00:00:41]} {[%emt 00:00:02]} Kh7 {[%clk 00:01:17]} {[%emt 00:00:20]}
50. Qf7 {[%clk 00:00:37]} {[%emt 00:00:12]} Kh8 {[%clk 00:00:31]} {[%emt
00:00:57]} 51. Qb7 {[%clk 00:00:41]} {[%emt 00:00:06]} Kh7 {[%clk 00:00:12]}
{[%emt 00:00:30]} 52. Qf7 {[%clk 00:00:48]} {[%emt 00:00:02]} Rf6 {[%clk
00:00:20]} {[%emt 00:00:02]} 53. Qd7 {[%clk 00:00:43]} {[%emt 00:00:15]} Rcf8
{[%clk 00:00:12]} {[%emt 00:00:18]} 54. Kb3 {[%clk 00:00:32]} {[%emt 00:00:21]}
Kh8 {[%clk 00:00:20]} {[%emt 00:00:02]} 55. Qe7 {[%clk 00:00:30]} {[%emt
00:00:11]} Rf3 {[%clk 00:00:28]} {[%emt 00:00:03]} 56. Qe6 {[%clk 00:00:31]}
{[%emt 00:00:08]} R3f5 {[%clk 00:00:24]} {[%emt 00:00:14]} 57. Qd6 {[%clk
00:00:29]} {[%emt 00:00:12]} R8f6 {[%clk 00:00:17]} {[%emt 00:00:17]} 58. Qd8+
{[%clk 00:00:36]} {[%emt 00:00:02]} Kh7 {[%clk 00:00:26]} 59. Qd3 {[%clk
00:00:45]} {[%emt 00:00:01]} g6 {[%clk 00:00:35]} {[%emt 00:00:01]} 60. Qd7+
{[%clk 00:00:42]} {[%emt 00:00:13]} Rf7 {[%clk 00:00:44]} {[%emt 00:00:01]} 61.
hxg6+ {[%clk 00:00:46]} {[%emt 00:00:06]} Kxg6 {[%clk 00:00:53]} {[%emt
00:00:01]} 62. Qe6+ {[%clk 00:00:52]} {[%emt 00:00:03]} R5f6 {[%clk 00:01:03]}
{[%emt 00:00:01]} 63. Qg4+ {[%clk 00:01:00]} {[%emt 00:00:01]} Kh7 {[%clk
00:01:12]} 64. Qe4+ {[%clk 00:00:49]} {[%emt 00:00:21]} Rg6 {[%clk 00:01:21]}
{[%emt 00:00:01]} 65. Qd5 {[%clk 00:00:54]} {[%emt 00:00:05]} Rc7 {[%clk
00:01:18]} {[%emt 00:00:13]} 66. Qf5 {[%clk 00:00:47]} {[%emt 00:00:17]} Re7
{[%clk 00:01:08]} {[%emt 00:00:20]} 67. Qd5 {[%clk 00:00:30]} {[%emt 00:00:27]}
Kg7 {[%clk 00:01:12]} {[%emt 00:00:07]} 68. Qd4+ {[%clk 00:00:38]} {[%emt
00:00:02]} Rf6 {[%clk 00:01:21]} {[%emt 00:00:02]} 69. Qg4+ {[%clk 00:00:45]}
{[%emt 00:00:01]} Kf7 {[%clk 00:01:29]} {[%emt 00:00:02]} 70. Qh5+ {[%clk
00:00:45]} {[%emt 00:00:10]} Kf8 {[%clk 00:01:38]} {[%emt 00:00:01]} 71. Qc5
{[%clk 00:00:46]} {[%emt 00:00:09]} Rfe6 {[%clk 00:01:33]} {[%emt 00:00:16]} 72.
Qf5+ {[%clk 00:00:51]} {[%emt 00:00:05]} Kg7 {[%clk 00:01:29]} {[%emt
00:00:14]} 73. Qg4+ {[%clk 00:00:56]} {[%emt 00:00:05]} Kh8 {[%clk 00:01:38]}
{[%emt 00:00:02]} 74. Qf5 {[%clk 00:01:00]} {[%emt 00:00:06]} Kg8 {[%clk
00:01:13]} {[%emt 00:00:35]} 75. Qg4+ {[%clk 00:01:04]} {[%emt 00:00:05]} Kf7
{[%clk 00:01:17]} {[%emt 00:00:07]} 76. Qh5+ {[%clk 00:01:03]} {[%emt
00:00:10]} Kf8 {[%clk 00:01:26]} {[%emt 00:00:02]} 77. Qf5+ {[%clk 00:01:08]}
{[%emt 00:00:05]} Ke8 {[%clk 00:01:35]} {[%emt 00:00:02]} 78. Qh5+ {[%clk
00:01:09]} {[%emt 00:00:09]} Kd7 {[%clk 00:01:41]} {[%emt 00:00:04]} 79. Qd5+
{[%clk 00:01:14]} {[%emt 00:00:04]} Kc7 {[%clk 00:01:50]} {[%emt 00:00:01]} 80.
Qc5+ {[%clk 00:01:20]} {[%emt 00:00:04]} Kb7 {[%clk 00:01:59]} 81. Qd5+ {[%clk
00:01:14]} {[%emt 00:00:15]} Rc6 {[%clk 00:02:08]} 82. Qf3 {[%clk 00:01:01]}
{[%emt 00:00:23]} Rec7 {[%clk 00:02:16]} {[%emt 00:00:03]} 83. Kb2 {[%clk
00:01:05]} {[%emt 00:00:06]} Ka7 {[%clk 00:01:31]} {[%emt 00:00:55]} 84. Qe3+
{[%clk 00:01:09]} {[%emt 00:00:06]} Kb8 {[%clk 00:01:41]} {[%emt 00:00:01]} 85.
Qe8+ {[%clk 00:01:08]} {[%emt 00:00:10]} Kb7 {[%clk 00:01:50]} {[%emt
00:00:01]} 86. Qe4 {[%clk 00:00:56]} {[%emt 00:00:22]} h5 {[%clk 00:01:58]}
{[%emt 00:00:02]} 87. Qh1 {[%clk 00:00:46]} {[%emt 00:00:19]} Rh7 {[%clk
00:01:32]} {[%emt 00:00:36]} 88. Qe4 {[%clk 00:00:54]} {[%emt 00:00:03]} Rhc7
{[%clk 00:01:27]} {[%emt 00:00:15]} 89. Qh1 {[%clk 00:01:00]} {[%emt 00:00:03]}
Ka7 {[%clk 00:00:47]} {[%emt 00:00:51]} 90. Qg1+ {[%clk 00:00:36]} {[%emt
00:00:34]} Kb8 {[%clk 00:00:54]} {[%emt 00:00:03]} 91. Qg8+ {[%clk 00:00:40]}
{[%emt 00:00:06]} Kb7 {[%clk 00:01:02]} {[%emt 00:00:02]} 92. Qg2 {[%clk
00:00:38]} {[%emt 00:00:11]} h4 {[%clk 00:01:01]} {[%emt 00:00:11]} 93. Qh1
{[%clk 00:00:42]} {[%emt 00:00:05]} Rh7 {[%clk 00:00:17]} {[%emt 00:00:54]} 94.
Qe4 {[%clk 00:00:51]} {[%emt 00:00:01]} Rhc7 {[%clk 00:00:15]} {[%emt
00:00:13]} 95. Qh1 {[%clk 00:00:51]} {[%emt 00:00:10]} a5 {[%clk 00:00:11]}
{[%emt 00:00:14]} 96. bxa5 {[%clk 00:00:49]} {[%emt 00:00:11]} Ka6 {[%clk
00:00:19]} {[%emt 00:00:02]} 97. Qxh4 {[%clk 00:00:37]} {[%emt 00:00:22]} Rxc3
{[%clk 00:00:22]} {[%emt 00:00:08]} 98. Qe4 {[%clk 00:00:26]} {[%emt 00:00:20]}
R3c6 {[%clk 00:00:17]} {[%emt 00:00:15]} 99. Kb3 {[%clk 00:00:17]} {[%emt
00:00:19]} Kxa5 {[%clk 00:00:21]} {[%emt 00:00:06]} 100. Qb4+ {[%clk 00:00:18]}
{[%emt 00:00:08]} Ka6 {[%clk 00:00:29]} {[%emt 00:00:02]} 101. Qd4 {[%clk
00:00:24]} {[%emt 00:00:03]} Rb6 {[%clk 00:00:21]} {[%emt 00:00:19]} 102. Qa1+
{[%clk 00:00:30]} {[%emt 00:00:04]} Kb7 {[%clk 00:00:30]} {[%emt 00:00:02]} 103.
Qh1+ {[%clk 00:00:38]} Rbc6 {[%clk 00:00:24]} {[%emt 00:00:17]} 104. Kb4 {[%clk
00:00:41]} {[%emt 00:00:07]} Kb6 {[%clk 00:00:24]} {[%emt 00:00:10]} 105. Qg1+
{[%clk 00:00:47]} {[%emt 00:00:03]} Ka6 {[%clk 00:00:21]} {[%emt 00:00:13]} 106.
Qa1+ {[%clk 00:00:52]} {[%emt 00:00:05]} Kb6 {[%clk 00:00:30]} {[%emt
00:00:01]} 107. Qg1+ {[%clk 00:00:50]} {[%emt 00:00:10]} Rc5 {[%clk 00:00:14]}
{[%emt 00:00:27]} 108. Qd4 {[%clk 00:00:42]} {[%emt 00:00:17]} Ka6 {[%clk
00:00:17]} {[%emt 00:00:08]} 109. Qa1+ {[%clk 00:00:45]} {[%emt 00:00:06]} Kb7
{[%clk 00:00:21]} {[%emt 00:00:06]} 110. Qh1+ {[%clk 00:00:43]} {[%emt
00:00:12]} R7c6 {[%clk 00:00:29]} {[%emt 00:00:03]} 111. Qf3 {[%clk 00:00:26]}
{[%emt 00:00:25]} Ka6 {[%clk 00:00:15]} {[%emt 00:00:25]} 112. Qa3+ {[%clk
00:00:33]} {[%emt 00:00:03]} Kb7 {[%clk 00:00:14]} {[%emt 00:00:11]} 113. Qf3
{[%clk 00:00:39]} {[%emt 00:00:03]} Ka6 {[%clk 00:00:13]} {[%emt 00:00:12]} 114.
Qa3+ {[%clk 00:00:47]} {[%emt 00:00:02]} Kb7 {[%clk 00:00:13]} {[%emt
00:00:09]} 1/2-1/2

[Event "World Cup 2023"]
[Site "Baku, Azerbaijan"]
[Date "2023.08.01"]
[Round "3.10"]
[White "Quesada Perez Luis Ernesto (CUB)"]
[Black "Can Emre (TUR)"]
[Result "1/2-1/2"]
[WhiteFideId "3520773"]
[BlackFideId "6302181"]
[WhiteElo "2553"]
[BlackElo "2570"]

1. d4 {[%clk 00:25:16]} {[%emt 00:00:03]} d5 {[%clk 00:25:17]} {[%emt
00:00:04]} 2. c4 {[%clk 00:25:24]} {[%emt 00:00:03]} e6 {[%clk 00:25:25]}
{[%emt 00:00:02]} 3. Nc3 {[%clk 00:25:29]} {[%emt 00:00:04]} c6 {[%clk
00:25:32]} {[%emt 00:00:03]} 4. e4 {[%clk 00:25:33]} {[%emt 00:00:06]} dxe4
{[%clk 00:25:38]} {[%emt 00:00:04]} 5. Nxe4 {[%clk 00:25:40]} {[%emt 00:00:02]}
Bb4+ {[%clk 00:25:45]} {[%emt 00:00:04]} 6. Bd2 {[%clk 00:25:47]} {[%emt
00:00:03]} Qxd4 {[%clk 00:25:49]} {[%emt 00:00:05]} 7. Bxb4 {[%clk 00:25:53]}
{[%emt 00:00:04]} Qxe4+ {[%clk 00:25:55]} {[%emt 00:00:05]} 8. Be2 {[%clk
00:26:00]} {[%emt 00:00:02]} Na6 {[%clk 00:25:50]} {[%emt 00:00:15]} 9. Ba5
{[%clk 00:26:06]} {[%emt 00:00:04]} b6 {[%clk 00:25:42]} {[%emt 00:00:20]} 10.
Qd6 {[%clk 00:26:12]} {[%emt 00:00:03]} Bd7 {[%clk 00:25:13]} {[%emt 00:00:38]}
11. Bc3 {[%clk 00:25:40]} {[%emt 00:00:43]} f6 {[%clk 00:25:03]} {[%emt
00:00:20]} 12. O-O-O {[%clk 00:25:25]} {[%emt 00:00:26]} O-O-O {[%clk
00:24:42]} {[%emt 00:00:31]} 13. Qa3 {[%clk 00:24:55]} {[%emt 00:00:39]} Kb7
{[%clk 00:24:28]} {[%emt 00:00:24]} 14. Bf3 {[%clk 00:25:03]} {[%emt 00:00:03]}
Qf4+ {[%clk 00:24:09]} {[%emt 00:00:28]} 15. Rd2 {[%clk 00:25:10]} {[%emt
00:00:04]} Qc7 {[%clk 00:23:43]} {[%emt 00:00:35]} 16. Ne2 {[%clk 00:24:39]}
{[%emt 00:00:40]} e5 {[%clk 00:23:26]} {[%emt 00:00:28]} 17. Ng3 {[%clk
00:23:32]} {[%emt 00:01:16]} Nh6 {[%clk 00:23:25]} {[%emt 00:00:12]} 18. Ne4
{[%clk 00:23:16]} {[%emt 00:00:26]} Nf7 {[%clk 00:22:28]} {[%emt 00:01:07]} 19.
Rhd1 {[%clk 00:23:15]} {[%emt 00:00:11]} Bf5 {[%clk 00:19:54]} {[%emt
00:02:44]} 20. b4 {[%clk 00:23:04]} {[%emt 00:00:21]} Rxd2 {[%clk 00:15:48]}
{[%emt 00:04:16]} 21. Rxd2 {[%clk 00:23:12]} {[%emt 00:00:03]} Rd8 {[%clk
00:14:49]} {[%emt 00:01:09]} 22. b5 {[%clk 00:23:16]} {[%emt 00:00:05]} Nb8
{[%clk 00:14:52]} {[%emt 00:00:07]} 23. c5 {[%clk 00:14:54]} {[%emt 00:08:32]}
Rxd2 {[%clk 00:13:28]} {[%emt 00:01:33]} 24. Bxd2 {[%clk 00:15:00]} {[%emt
00:00:04]} Qd7 {[%clk 00:09:59]} {[%emt 00:03:40]} 25. Be3 {[%clk 00:12:58]}
{[%emt 00:02:12]} Bxe4 {[%clk 00:09:31]} {[%emt 00:00:39]} 26. Bxe4 {[%clk
00:12:55]} {[%emt 00:00:12]} f5 {[%clk 00:09:28]} {[%emt 00:00:13]} 27. cxb6
{[%clk 00:12:55]} {[%emt 00:00:10]} axb6 {[%clk 00:08:25]} {[%emt 00:01:14]} 28.
Bxc6+ {[%clk 00:11:57]} {[%emt 00:01:07]} Nxc6 {[%clk 00:08:33]} {[%emt
00:00:02]} 29. Qa6+ {[%clk 00:12:05]} {[%emt 00:00:01]} Kc7 {[%clk 00:08:24]}
{[%emt 00:00:20]} 30. Qxb6+ {[%clk 00:11:59]} {[%emt 00:00:16]} Kd6 {[%clk
00:08:26]} {[%emt 00:00:07]} 31. Qc5+ {[%clk 00:09:05]} {[%emt 00:03:04]} Kc7
{[%clk 00:08:31]} {[%emt 00:00:06]} 32. a4 {[%clk 00:08:53]} {[%emt 00:00:22]}
f4 {[%clk 00:07:07]} {[%emt 00:01:33]} 33. Bd2 {[%clk 00:08:09]} {[%emt
00:00:54]} Nfd8 {[%clk 00:05:53]} {[%emt 00:01:25]} 34. bxc6 {[%clk 00:06:44]}
{[%emt 00:01:35]} Nxc6 {[%clk 00:05:48]} {[%emt 00:00:15]} 35. a5 {[%clk
00:05:45]} {[%emt 00:01:10]} Qd3 {[%clk 00:05:22]} {[%emt 00:00:36]} 36. Bc3
{[%clk 00:05:32]} {[%emt 00:00:22]} Kd7 {[%clk 00:04:36]} {[%emt 00:00:55]} 37.
Kb2 {[%clk 00:05:21]} {[%emt 00:00:22]} f3 {[%clk 00:03:04]} {[%emt 00:01:42]}
38. gxf3 {[%clk 00:04:25]} {[%emt 00:01:06]} Qxf3 {[%clk 00:03:11]} {[%emt
00:00:03]} 39. Qe3 {[%clk 00:02:34]} {[%emt 00:02:00]} Qd5 {[%clk 00:02:51]}
{[%emt 00:00:30]} 40. Qb6 {[%clk 00:02:39]} {[%emt 00:00:06]} Qc4 {[%clk
00:02:03]} {[%emt 00:00:57]} 41. Qb3 {[%clk 00:01:02]} {[%emt 00:01:48]} Qe2+
{[%clk 00:01:24]} {[%emt 00:00:49]} 42. Qc2 {[%clk 00:01:06]} {[%emt 00:00:06]}
Qb5+ {[%clk 00:01:28]} {[%emt 00:00:07]} 43. Qb3 {[%clk 00:00:46]} {[%emt
00:00:30]} Qe2+ {[%clk 00:01:33]} {[%emt 00:00:04]} 44. Ka3 {[%clk 00:00:33]}
{[%emt 00:00:23]} Qxf2 {[%clk 00:00:43]} {[%emt 00:01:00]} 45. Qd5+ {[%clk
00:00:30]} {[%emt 00:00:13]} Kc7 {[%clk 00:00:51]} {[%emt 00:00:03]} 46. Bxe5+
{[%clk 00:00:33]} {[%emt 00:00:06]} Nxe5 {[%clk 00:00:58]} {[%emt 00:00:02]} 47.
Qxe5+ {[%clk 00:00:42]} {[%emt 00:00:02]} Kc6 {[%clk 00:00:20]} {[%emt
00:00:47]} 48. Qe8+ {[%clk 00:00:29]} {[%emt 00:00:24]} Kb7 {[%clk 00:00:19]}
{[%emt 00:00:10]} 49. Qe4+ {[%clk 00:00:21]} {[%emt 00:00:18]} Ka6 {[%clk
00:00:16]} {[%emt 00:00:12]} 50. Qxh7 {[%clk 00:00:19]} {[%emt 00:00:13]} Qc5+
{[%clk 00:00:17]} {[%emt 00:00:10]} 1/2-1/2